00466cam a2200169Ia 4500020001500000040000800015082002600023245002400049250001200073260005000085300002800135500005000163650002900213650002400242650001200266700001800278 a1561343552 cUII a333 DUS 1995 A108 Or.00aEnvironment 95/96 / a14th ed aGuilford, Conn. :bDushkin Pub. Group,cc1995 a272 p. :bill. ;c28 cm aIncludes bibliographical references and index 0aEnvironmental protection 0aNature conservation 0aEcology1 aAllen, John L